000 00401nam a2200169Ia 4500
003 GCL
008 140319s9999 xx 000 0 eng d
040 _aGCL /
_cGCL
082 0 4 _a843
_bJ P
100 1 _aJUNG . G G
245 1 0 _aPRESENT ET AVENIR /
_cJUNG . G G
260 _a[S.N] :
_bBUCHET-CHASTEL
300 _a126 P
650 0 4 _aLITERATURE
650 0 4 _aFRENCH LITERATURE
942 _2ddc
_cBK
999 _c24710
_d24710